Nuevo tratado de análisis y discusión de balances (Registro nro. 1935)
[ vista simple ]
| 000 -LEADER | |
|---|---|
| fixed length control field | 01609 a2200217 4500 |
| 001 - CONTROL NUMBER | |
| control field | 29664 |
| 005 - DATE AND TIME OF LATEST TRANSACTION | |
| control field | 20260407155607.0 |
| 008 - FIXED-LENGTH DATA ELEMENTS--GENERAL INFORMATION | |
| fixed length control field | 260407a1964 arg spa d |
| 003 - CONTROL NUMBER IDENTIFIER | |
| control field | AR-UNSa-BCEJYS |
| 040 ## - CATALOGING SOURCE | |
| Original cataloging agency | AR-UNSa-BCEJYS |
| Language of cataloging | spa |
| Transcribing agency | AR-UNSa-BCEJYS |
| 080 ## - UNIVERSAL DECIMAL CLASSIFICATION NUMBER | |
| Universal Decimal Classification number | 657.36 |
| Common auxiliary subdivision | Balances de comprobación (balance estimativo). Balances de saldo. Balance intermedio |
| 100 1# - MAIN ENTRY--PERSONAL NAME | |
| Personal name | Suarez Franck, Armando |
| 245 10 - TITLE STATEMENT | |
| Title | Nuevo tratado de análisis y discusión de balances |
| 264 #1 - PRODUCTION, PUBLICATION, DISTRIBUTION, MANUFACTURE, AND COPYRIGHT NOTICE | |
| Place of production, publication, distribution, manufacture | Madrid : |
| Name of producer, publisher, distributor, manufacturer | Aguilar |
| Date of production, publication, distribution, manufacture, or copyright notice | 1964 |
| 300 ## - PHYSICAL DESCRIPTION | |
| Extent | xxiii, 615 p. |
| Dimensions | 22 cm. |
| 505 ## - FORMATTED CONTENTS NOTE | |
| Formatted contents note | 1. El balance legal y su interpretación - 2. Fondos de rotación, liquidez y tesoreria - 3. Comparación de balances - 4. Los Stocks - 5. Cartera de valores y participaciones financieras - 6. Las amortizaciones necesarias - 7. Amortizaciones facultativas y salvaguardia de los patrimonios industriales - 8. Provisiones y previsiones - 9. Balance se sociedades de seguro, reserva para riesgos en curso y reservas matematicas - 10. Emprestitos, obligaciones - 11. Cuentas de orden y pasivos latentes de las sociedades - 12. Del saneamiento financiero - 13. El reembolso del capital social - 14. De la amortización del capital social - 15. La cuenta de perdidas y ganancia - 16. Del reparto de beneficios - 17. Utilización abusiva de las plusvalías de revaluación - 18. Beneficios ilusorios y dividendos ficticios - 19. Rendimiento de explotación y rentabilidad de los capitales e inversiones - 20. Conclusión. |
| 590 ## - LOCAL NOTE (RLIN) | |
| Local note | niveau_biblio:m niveau_hierar:0 |
| 700 1# - ADDED ENTRY--PERSONAL NAME | |
| Personal name | Hanon de Louvert, Charles |
| 700 1# - ADDED ENTRY--PERSONAL NAME | |
| Personal name | Gomez Acebo, Enrique Alau |
| 942 ## - ADDED ENTRY ELEMENTS (KOHA) | |
| Koha item type | |
| Withdrawn status | Lost status | Damaged status | Not for loan | Home library | Current library | Shelving location | Date acquired | Total checkouts | Full call number | Barcode | Date last seen | Price effective from | Koha item type |
|---|---|---|---|---|---|---|---|---|---|---|---|---|---|
| Biblioteca Prof. Eusebio Cleto del Rey | Biblioteca Prof. Eusebio Cleto del Rey | 07/04/2026 | 657.36 H247 | L21956 | 07/04/2026 | 07/04/2026 | Libro |